000 nam a22 7a 4500
999 _c15277
_d15277
008 161028b xxu||||| |||| 00| 0 eng d
020 _a9780824834562
050 _aNA 1545.5 .C48 2011
100 _aEdited by Cody, Jeffrey W.
245 _aChinese Architecture and the Beaux-Arts/
_cedited by Jeffrey W. Cody, Nancy S. Steinhardt, and Tony Atkins
260 _aHong Kong, China:
_bHong Kong University Press,
_c2011
300 _axxi, 385p. :
_bill. ;
_c25cm
500 _aIncludes bibliographical references and index.
650 _aArchitecture, Chinese.
_x20th century.
_yCongresses.
650 _aArchitecture.
_xWestern influences.
_yCongresses.
_zChina
650 _aEclecticism in architecture.
_xCongresses.
_zChina
942 _2lcc
_cBOOKS
_hNA 1545.5 .C48 2011